| 000 | 00399nam a2200145Ia 4500 | ||
|---|---|---|---|
| 003 | GCL | ||
| 005 | 20240530102844.0 | ||
| 008 | 140319s9999 xx 000 0 ara d | ||
| 040 |
_aGCL / _cGCL |
||
| 082 | 0 | 4 |
_a953.09 _bم ع |
| 245 | 1 | 0 | _aالعثمانيون فى التاريخ والحضارة |
| 260 |
_a[S.N] : _bدار القلم للتراث ، _c1989 |
||
| 300 | _a456 ص | ||
| 942 |
_2ddc _cBK |
||
| 999 |
_c34948 _d34948 |
||